Score 0/36 Timer 08:00
1 Play Today
% Correct
Wolf
96.8%
Dark
95.4%
Django
93.3%
Black
92.9%
Job
89.1%
Batman
86.9%
Knight
86.4%
This
86%
Shutter
82.9%
Gatsby
82.8%
Paris
80.4%
Day
80%
Soldier
79.8%
Summer
79.5%
Later
79.4%
Big
76.8%
Punch
75.9%
Little
75.5%
% Correct
Would
74.6%
Future
73.3%
Stand
67.5%
Public
65.5%
Letters
64%
Samurai
57.6%
Don
57.2%
Major
50.4%
Feely
47.7%
Muppet
46.5%
Planet
45.1%
Extinction
37%
Whip
28.3%
Rush
24.5%
Secondhand
24%
Breakfast
10.8%
Dogmen
6.8%
Edge
5.3%

Today's Daily Dose

You're not logged in!

Compare scores with friends on all Sporcle quizzes.
OR
Log In

Sporcle TV

Today on Sporcle TV


Watch our educational content, quiz creation guides, and fun videos on Sporcle TV.

Show Comments

Extras

Top Quizzes Today


Score Distribution

Your Account Isn't Verified!

In order to create a playlist on Sporcle, you need to verify the email address you used during registration. Go to your Sporcle Settings to finish the process.

Report this User

Report this user for behavior that violates our Community Guidelines.

Details: